000 00918nam0a22002531 4500
001 rc\4474173
005 20260407141043.0
021 _aRU
_bРг5201-63
035 _a(NLR Aleph) 008331333
090 _a8819047
_c8819047
100 _a20130416d1963 |||y0rusy50 ca
101 0 _arus
_afre
102 _aRU
105 _aa z |||||
200 1 _aКресло зубоврачебное КЗ-2 и КЗ-3
_eТехн. описание и инструкция по эксплуатации
_fВ/о "Медэкспорт"
210 _aМосква
_cВнешторгиздат
_d[1963]
215 _a[1], 25 с.
_cил.
_d21
300 _aТекст парал. на рус. и фр. яз.
712 0 2 _a"Медэкспорт", всесоюзное объединение
_3RU\NLR\AUTH\8810008531
_9514809
801 0 _aRU
_bNLR
_gpsbo
801 1 _aRU
_bELAR
_2rusmarc
852 _aNLR
_j63-6/8303
942 _cBOOK
980 _aNB